| 000 | 01322nam a2200385 4500 | ||
|---|---|---|---|
| 999 |
_c23443 _d23443 |
||
| 001 | vtls012138700 | ||
| 005 | 20221011073706.0 | ||
| 008 | 220609s2022 xo e 000 f slo c | ||
| 020 |
_a9788057302131 _q(viazané) |
||
| 040 |
_aTTKJF _bslo _cTTKJF _erda |
||
| 041 | 1 |
_aslo _heng |
|
| 044 |
_axo _cSK |
||
| 072 | 7 |
_a821.111 _xAnglická literatúra, anglicky písaná _2konspekt |
|
| 080 |
_a821.111-31 _22011 |
||
| 080 |
_a(0:82-311.6) _22011 |
||
| 100 | 1 |
_aD'Silva, Renita _4aut _93663 |
|
| 240 | 1 | 4 |
_aThe War Child _lSlovensky |
| 245 | 1 | 0 |
_aDieťa vojny _cRenita D'Silva ; translation Barbora Al Zafari |
| 250 | _aPrvé vydanie | ||
| 264 | 1 |
_aBratislava _bFortuna Libri _c2022 |
|
| 300 |
_a398 strán _c22 cm |
||
| 336 |
_atext _btxt _2rdacontent |
||
| 337 |
_abez média _bn _2rdamedia |
||
| 338 |
_azväzok _bnc _2rdacarrier |
||
| 500 | _aPreložené z angličtiny | ||
| 655 | 7 |
_aanglicky písané romány _2SNKPH _93616 |
|
| 655 | 7 |
_aindické romány (anglicky) _2SNKPH _93664 |
|
| 655 | 7 |
_ahistorické romány _2SNKPH _91688 |
|
| 655 | 7 |
_avojnové romány _2SNKPH _93067 |
|
| 655 | 7 |
_aFiction in English _2SNKPHeng _93617 |
|
| 655 | 7 |
_aIndic fiction (English) _2SNKPHeng _93665 |
|
| 655 | 7 |
_aHistorical novels _2SNKPHeng _91689 |
|
| 655 | 7 |
_aWar novels _2SNKPHeng _93068 |
|
| 700 | 1 |
_aAl Zafari, Barbora _4trl _92166 |
|